| 000 | 01120nas a2200289 4500 | ||
|---|---|---|---|
| 001 | BR2015005391 | ||
| 003 | BR-BrBNA | ||
| 005 | 20231205125742.0 | ||
| 007 | ta | ||
| 008 | 230509b bl.|||p| |||| 00| 00por d | ||
| 040 |
_aBR-BrBNA _bpor _cBiblioteca Nacional de Agricultura |
||
| 041 | _a(Pt) | ||
| 072 | _aF04; F06 | ||
| 100 | 1 | _aLudwig, F. | |
| 100 | 1 | _aFernandes, D.M. | |
| 100 | 1 | _aMota, P.R. | |
| 100 | 1 | _aBôas, R.L.V. | |
| 111 | 1 |
_a16° Congresso Brasileiro de Floricultura e Plantas Ornamentais; 3° Congresso Brasileiro de Cultura de Tecidos de Plantas; 1° Simpósio de Plantas Ornamentais Nativas _cGoiânia, GO (Brazil) _d10-15 Sep 2007 |
|
| 245 | 1 | _aIntensidade de cor verde e nitrogênio em cultivares de gérbera fertirrigados com soluções nutritivas | |
| 650 | _aFERTIRRIGAÇÃO | ||
| 650 | _aVARIEDADE | ||
| 650 | _aSOLUÇÃO NUTRITIVA | ||
| 650 | _aNUTRIÇÃO VEGETAL | ||
| 773 | 0 |
_tRevista Brasileira de Horticultura Ornamental (Brazil) _xISSN 1809-6093 _g(Sep 2007), v. 13(Suplemento) p. 1643-1646 _wBR2015005391 |
|
| 909 |
_a202311 _bLúcia _c55 _dLúcia Elande |
||
| 942 |
_2AGRIS _n0 _cANA |
||
| 999 |
_c245933 _d245933 |
||